Kazakhstan April 93.

Bibliographic Details
Format: Book
Published: Istanbul: SIAR, 1993.
Subjects:
LEADER 00404cam a2200157 7i4500
001 0000004069
005 19991025090000.0
002 ##000005518
020 0 0 |a T000004702  
090 0 0 |a KAZA 330.9   |b KAZ 
245 0 0 |a Kazakhstan April 93. 
260 0 0 |a Istanbul:   |b SIAR,   |c 1993. 
300 0 0 |a 28 p.. 
650 0 0 |a Economic conditions  
651 0 0 |a Kazakhstan  
999 |a 0000005331  |b Book  |c Open shelf  |e Business Information Centre